000 00357nam a2200157Ia 4500
008 230524s9999 xx 000 0 und d
082 _a5.43
_bREY
100 _aMathew Reynolds
_921032
245 0 _aE-Commerce
250 _a1ST
260 _aMUMBAI
_bSPD
_c2001
300 _aXII;737
500 _aQuantity Number: 1
650 _aComp-Sc
942 _cBK
999 _c31192
_d31192